| 000 | 00435nam a22001457a 4500 | ||
|---|---|---|---|
| 020 | _qPB. | ||
| 040 | _cFizza Ishaq | ||
| 082 |
_a909.09821 _bMCK |
||
| 100 |
_aMcKay, P. John. _9134243 |
||
| 245 |
_aA History of Western Society Vol II: from The Renaissance / _cJohn P. McKay. |
||
| 250 | _a4th Ed. | ||
| 260 |
_aNew York : _bHoughton Mifflin College Div, _c1991. |
||
| 300 |
_a566 p, ; _c8.5 x 1.75 x 10.75 inches |
||
| 942 |
_2ddc _cBK |
||
| 999 |
_c617219 _d617219 |
||